000 00810nam a22002537a 4500
003 UA-OsUOA
001 79404
007 ta
008 20111109b un ||||| |||| 00| 0 ukr d
100 _aТивончук С.О.
700 _aШпикуляк О.Г.
700 _aШанін О.В.
700 _aСупрун О.М.
090 _a330(477)
_bТ-45
942 _cSA
040 _aUA-OsUOA
_bukr
_cUA-OsUOA
_dUA-OsUOA
245 _aФортсайт як методологія прогнозування інноваційного розвитку аграрного сектору економіки
300 _aС.125-133
955 _a0
041 _aukr
080 _a330(477)
773 0 _w79382
_tЕкономіка АПК
_dК.
_d2011
_g11
650 7 _a330 Економіка взагалі
_2UDC
999 _c365724
_d365724